History Quiz

Random History or War Quiz
Score 0/8 Timer 01:30
0 Plays Today
Number of Hospital Ships Country % Correct
2United States of America
100%
5China
93.8%
3Russia
88.5%
1India
77.9%
6Brazil
73.5%
1Indonesia
44.2%
1Vietnam
26.5%
1Peru
15.9%
Remove Ads.
Support Sporcle.
Get the best of Sporcle when you Go Orange. This ad-free experience offers more features, more stats, and more fun while also helping to support Sporcle. Thank you for becoming a member.

You're not logged in!

Compare scores with friends on all Sporcle quizzes.
OR
Log In

Sporcle TV

Today on Sporcle TV


Watch our educational content, quiz creation guides, and fun videos on Sporcle TV.

Show Comments

Extras

Top Quizzes Today


Score Distribution

Paid Content

Your Account Isn't Verified!

In order to create a playlist on Sporcle, you need to verify the email address you used during registration. Go to your Sporcle Settings to finish the process.

Report this User

Report this user for behavior that violates our Community Guidelines.

Details: